000 00596nam a2200169Ia 4500
008 090711s9999 xx 000 0 und d
082 _b34076
100 _aदेशपांडे रा. खं.
245 _aदारी गुलाब फुलवा
260 _b"केसरी मुद्रणालय,"
_c1974
300 _a152
600 _aदेशपांडे रा. खं.
630 _aदारी गुलाब फुलवा
700 _aदेशपांडे रा. खं.
730 _aदारी गुलाब फुलवा
942 _cBOOK
999 _c328966
_d328966